01020cam a22002411 4500001001300000003000400013005001700017008004100034010001700075035001900092040006200111042001200173050001700185100003200202245026500234250002600499260006000525300005300585490007400638504003000712650001900742999001700761gs 22000404 DLC20260227111327.0800315s1922 kyuab b s000 0 eng c ags 22000404  a(OCoLC)6084942 aLibrary, U.S. Geological SurveycNAlfCdOCoLCdNSbSUdDLC apremarc00aTN942b.R3831 aRies, Heinrich,d1871-1951.14aThe clay deposits of Kentucky.bAn economic consideration of the pottery, brick, and tile clays, fire clays, and shales of Kentucky, with notes on their industrial development,cby Heinrich Ries ... Illustrated with sixty-three photographs, maps, and diagrams. a1st ed.,a500 copies. aFrankfort, Ky.,bThe Kentucky Geological survey,c1922. a[9], 241 p.billus., fold. maps, tables.c24 cm.0 aKentucky. Geological survey, 1920- Series 6. [Geologic reports]vv.8 aBibliography: p. 234-235. 0aClayzKentucky c26196d26196